Conceptos filosófico-clínicos sobre la importancia terapéutica de la quina (Record no. 68364)

MARC details
000 -LEADER
campo de control de longitud fija 00734nam a22002055i 4500
001 - NÚMERO DE CONTROL
campo de control 68364
003 - IDENTIFICADOR DE NÚMERO DE CONTROL
campo de control ES-MaACL
005 - FECHA Y HORA DE LA ÚLTIMA TRANSACCIÓN
campo de control 20250806045154.0
007 - CAMPO FIJO DE DESCRIPCIÓN FÍSICA--INFORMACIÓN GENERAL
campo de control de longitud fija t|
008 - DATOS DE LONGITUD FIJA--INFORMACIÓN GENERAL
campo de control de longitud fija 960801s1888 sp ||||1| spa d
100 1# - ENTRADA PRINCIPAL--NOMBRE DE PERSONA
Nombre de persona García Caballero, Félix.
9 (RLIN) 54307
245 10 - MENCIÓN DEL TÍTULO
Título Conceptos filosófico-clínicos sobre la importancia terapéutica de la quina
Resto del título : discurso leído ante la Real Academia de Medicina de Madrid /
Mención de responsabilidad, etc. por Félix García Caballero, junio de 1884.
250 ## - MENCION DE EDICION
Mención de edición 2ª ed.
260 ## - PUBLICACIÓN, DISTRIBUCIÓN, ETC.
Lugar de publicación, distribución, etc. Madrid :
Nombre del editor, distribuidor, etc. [s.n.],
Fecha de publicación, distribución, etc. 1888 (
Fabricante Estab. Tip. de F. García)
300 ## - DESCRIPCIÓN FÍSICA
Extensión 16 p. ;
Dimensiones 22 cm.
650 #4 - PUNTO DE ACCESO ADICIONAL DE MATERIA--TÉRMINO DE MATERIA
Término de materia o nombre geográfico como elemento de entrada Quina.
9 (RLIN) 153737
710 2# - ENTRADA AGREGADA--NOMBRE DE ENTIDAD CORPORATIVA
Nombre de entidad corporativa o nombre de jurisdicción como elemento de entrada Real Academia de Medicina de Madrid
9 (RLIN) 6318
852 ## - LOCALIZACIÓN
Ubicación ES-MaACL
Número de control de estantería T-1048-F-10
Holdings
Estatus retirado Estado de pérdida Estado de daño No para préstamo Colección Biblioteca de origen Biblioteca actual Ubicación en estantería Fecha de adquisición Fuente de adquisición Total de préstamos Signatura topográfica completa Código de barras Visto por última vez Precio de reemplazo Tipo de ítem Koha
        Colección de folletos Biblioteca del Ateneo de Madrid Biblioteca del Ateneo de Madrid Depósito folletos 17/01/2008     T-1048-F-10 1071565 23/02/2023 23/02/2023 Folleto